00593nam a22002051 450000100060000000300080000600500170001400800410003103500190007204000320009104100080012308200180013110000190014924500710016826000490023930000270028849000200031550400260033565000260036131526BD-RjUL20211209051719.0140420s1966 enk b 000 0 eng  a(BD-RjUL)31614 aDLCcDLCdDLCdBD-RjULbeng aeng00a201bGOI 19671 aGoodall, J. L.13aAn introduction to the philosophy of religion /cby J. L. Goodall. aLondon :bLongmans,c1966 [Impression 1967]. aviii, 182 p. ;c21 cm.0 aEducation today aBibliography: p. 180. 0aReligionxPhilosophy.